| 000 | 00384nam a2200121Ia 4500 | ||
|---|---|---|---|
| 008 | 160712s9999 xx 000 0 und d | ||
| 100 | _aAlma, Ria. | ||
| 245 |
_cRia Alma _aUnang Orasyonal |
||
| 260 |
_c2011 _bLikhaan: The Journal of Contemporary Philippine Literature |
||
| 300 | _avol. 5 | ||
| 650 | _xTULA | ||
| 856 | _uhttp://journals.upd.edu.ph/index.php/lik/issue/view/295/showToc | ||
| 999 |
_c297670 _d297670 |
||